000 00380nam a2200145Ia 4500
008 230711s9999||||xx |||||||||||||| ||und||
041 _aENG
082 _a720
_bCA-T
100 _aCallender,John Han
245 0 _aTime saver standards for Architecture
250 _a1st . Ed.
260 _c1983
_aNew York
_bTata McGraw Hill Education Limited
650 _aArchitecture
942 _cBK
999 _c811
_d811